000 00489nam a2200145Ia 4500
008 100204s9999 xx 000 0 und d
082 _b3236
100 _aबेडेकर विश्राम
245 _aटिळक आणि आगरकर
260 _b"पॉप्युलर प्रकाशन , मुंबई"
_c1980
300 _a103
630 _aटिळक आणि आगरकर
730 _aटिळक आणि आगरकर
942 _cBOOK
999 _c448205
_d448202